Estatísticas para Porto

Clique aqui para jogar o quiz

Estatísticas Gerais

  • Esse quiz foi jogado 71 vezes
  • A pontuação média é 9 de 15

Estatísticas das Respostas

HintResposta% Correto
Qual o nome do vinho que é produzido nessa cidade?Vinho do Porto
100%
Qual o rio que atravessa a cidade ?Douro
95%
Qual o prato típico da cidade?Francesinha
88%
Qual o monumento mais antigo da cidade?Sé do Porto
79%
Como se chama o aeroporto da cidade?Aeroporto Francisco Sá Carneiro
74%
Como são chamados os habitantes do Porto?Tripeiros
66%
Por que outro nome é conhecida na cidade do Porto?Cidade Invicta
62%
Qual o nome do conhecido mercado do Porto?Mercado do Bolhão
59%
Qual o nome da maior editora de livros escolares do país situada nessa cidade?Porto Editora
55%
Qual o monumento mais conhecido da cidade?Igreja e Torre dos Clérigos
52%
Qual o nome do maior porto artificial do país?Porto de Leixões
45%
Qual o nome do jornal fundado no Porto?Jornal de Notícias
43%
Qual o nome do museu de arte contemporânea dessa cidade?Fundação de Serralves
21%
Qual o nome da ponte que une a cidade do Porto a Vilã Nova de Gaia?Ponte de D. Maria Pia
9%
Como se chama a maior sinagoga da Europa que fica situada no Porto?Sinagoga Kadoorie
7%

Distribuição das Pontuações

Percentil de Números Respondidos

Porcentagem de Pessoas com Cada Pontuação

Sua Pontuação Histórica

Você não jogou esse quiz